<?xml version="1.0" encoding="UTF-8"?>
<record
    xmlns:xsi="http://www.w3.org/2001/XMLSchema-instance"
    xsi:schemaLocation="http://www.loc.gov/MARC21/slim http://www.loc.gov/standards/marcxml/schema/MARC21slim.xsd"
    xmlns="http://www.loc.gov/MARC21/slim">

  <leader>00472nam a2200169Ia 4500</leader>
  <controlfield tag="008">230718s9999    xx            000 0 und d</controlfield>
  <datafield tag="041" ind1=" " ind2=" ">
    <subfield code="a">eng</subfield>
  </datafield>
  <datafield tag="082" ind1=" " ind2=" ">
    <subfield code="a">780</subfield>
    <subfield code="b">NAD</subfield>
  </datafield>
  <datafield tag="100" ind1=" " ind2=" ">
    <subfield code="a">Nadkarni M.</subfield>
    <subfield code="9">107860</subfield>
  </datafield>
  <datafield tag="245" ind1=" " ind2=" ">
    <subfield code="a">Great Masters Profiles In Hindustan Classical Vocal Music</subfield>
  </datafield>
  <datafield tag="260" ind1=" " ind2=" ">
    <subfield code="c">1999</subfield>
    <subfield code="b">Harper And Rao</subfield>
  </datafield>
  <datafield tag="300" ind1=" " ind2=" ">
    <subfield code="a">482</subfield>
    <subfield code="d">Ref 127 G (13897)</subfield>
  </datafield>
  <datafield tag="365" ind1=" " ind2=" ">
    <subfield code="c">Rs.</subfield>
    <subfield code="b">500.00</subfield>
  </datafield>
  <datafield tag="500" ind1=" " ind2=" ">
    <subfield code="a">127 GEN</subfield>
  </datafield>
  <datafield tag="700" ind1=" " ind2=" ">
    <subfield code="a">Nadkarni M.</subfield>
    <subfield code="9">107860</subfield>
  </datafield>
  <datafield tag="906" ind1=" " ind2=" ">
    <subfield code="d">B:242910-Nov-2001</subfield>
    <subfield code="c">OTH</subfield>
    <subfield code="b">75</subfield>
  </datafield>
  <datafield tag="999" ind1=" " ind2=" ">
    <subfield code="c">302690</subfield>
    <subfield code="d">302690</subfield>
  </datafield>
  <datafield tag="952" ind1=" " ind2=" ">
    <subfield code="0">0</subfield>
    <subfield code="1">0</subfield>
    <subfield code="2">ddc</subfield>
    <subfield code="3">Ref 127 G (13897)</subfield>
    <subfield code="4">0</subfield>
    <subfield code="7">3</subfield>
    <subfield code="a">CCEP</subfield>
    <subfield code="b">CCEP</subfield>
    <subfield code="d">2001-12-12</subfield>
    <subfield code="e">Technical Book Services</subfield>
    <subfield code="f">OTH</subfield>
    <subfield code="g">425.00</subfield>
    <subfield code="i">2429</subfield>
    <subfield code="o">780</subfield>
    <subfield code="p">CCEP-BK-13897</subfield>
    <subfield code="r">2023-07-18 00:00:00</subfield>
    <subfield code="t">75</subfield>
    <subfield code="v">500.00</subfield>
    <subfield code="w">2001-11-10</subfield>
    <subfield code="y">BK</subfield>
    <subfield code="z">013897</subfield>
  </datafield>
</record>
